| 000 | 01052nam a2200277 i 4500 | ||
|---|---|---|---|
| 001 | 47617 | ||
| 003 | ES-MaACL | ||
| 005 | 20260526164124.0 | ||
| 007 | t| | ||
| 008 | 030508s2001 sp ||||1| spa d | ||
| 020 | _a84-86864-47-X | ||
| 080 | _a329.285(460)(093) | ||
| 245 | 0 | 0 |
_aAntología documental del anarquismo español. _n1 / _cpresentación, selección y notas de Francisco Madrid y Claudio Venza; introducción de Francisco Madrid ; prólogo de Pere Gabriel. |
| 260 |
_aMadrid : _bFundación de Estudios Libertarios Anselmo Lorenzo, _c2001- |
||
| 300 |
_a1 v. ; _c24 cm. |
||
| 505 | 8 | _aContiene: V. 1. Organización y revolución: de la Primera Internacional al Proceso de Montjuic (1868-1896) | |
| 650 | 7 |
_aAnarquismo _2embne _99783 |
|
| 650 | 4 |
_aAnarquismo- _zEspaña- _yS.XIX. _9171717 |
|
| 700 | 1 |
_aMadrid Santos, Francisco. _975360 |
|
| 700 | 1 |
_aVenza, Claudio. _9113934 |
|
| 700 | 1 |
_aGabriel, Pere. _953152 |
|
| 710 | 2 |
_aFundación Anselmo Lorenzo. _94216 |
|
| 852 |
_aES-MaACL _jP-1967 |
||
| 942 | _2udc | ||
| 999 |
_c47617 _d47617 |
||